Handbook of labor unions /

Bibliographic Details
Main Author: Peterson, Florence, 1894-
Corporate Author: American Council on Public Affairs
Format: Book
Language:English
Published: Washington, D. C. : American council on public affairs, [1944]
Subjects:

MARC

Tag First Indicator Second Indicator Subfields
LEADER 00000cam a2200000 4500
001 in00000083512
005 20151008053109.0
008 730201s1944 dcu 00000 eng u
010 |a  44002754  
035 |a (OCoLC)00550910 
035 |9 AAH6203AM 
040 |c KSU  |d TXA  |d UtOrBLW 
049 |a TXAM  |c [129229] 
050 0 |a HD6508  |b .P43 
092 |a 331.88  |b P485h 
100 1 |a Peterson, Florence,  |d 1894- 
245 1 0 |a Handbook of labor unions /  |c by Florence Peterson. 
264 1 |a Washington, D. C. :  |b American council on public affairs,  |c [1944] 
300 |a 415 pages ;  |c 24 cm. 
336 |a text  |b txt  |2 rdacontent 
337 |a unmediated  |b n  |2 rdamedia 
338 |a volume  |b nc  |2 rdacarrier 
650 0 |a Labor unions  |z United States. 
710 2 |a American Council on Public Affairs. 
999 |a MARS 
999 f f |s c7f852ad-1041-3dcb-be37-58cbbfd7207e  |i 17b13e0f-48c6-34bc-af30-a451e6a925e2  |t 0 
952 f f |p ric  |a Texas A&M University  |b Rellis Campus  |c Joint Library Facility  |d Remote Storage  |t 0  |e HD6508 .P43  |h Library of Congress classification  |i unmediated -- volume  |m A14800723524 
998 f f |a HD6508 .P43  |t 0  |l Remote Storage